[Event "EU-ch U16 24th"]
[Site "Batumi"]
[Date "2014.10.21"]
[Round "3"]
[White "Dolenjashvili, Giorgi"]
[Black "Lopatik, Nikita"]
[Result "0-1"]
[WhiteElo "1640"]
[BlackElo "1996"]
[PlyCount "62"]
[EventDate "2014.10.19"]
[EventType "swiss"]
[EventRounds "9"]
[EventCountry "GEO"]
[SourceTitle "EXT 2015"]
[Source "ChessBase"]
[SourceDate "2014.11.20"]
[SourceVersion "1"]
[SourceVersionDate "2014.11.20"]
[SourceQuality "1"]

1. e4 c5 2. c4 Nc6 3. Nc3 g6 4. g3 Bg7 5. Bg2 Nf6 6. Nge2 d6 7. 0-0 0-0 8. Rb1 Ne8 9. a3 a5 10. d3 Nc7 11. Be3 Ne6 12. Nd5 Ned4 13. Nxd4 Nxd4 14. b4 e6 15. Nf4 cxb4 16. axb4 a4 17. Ra1 a3 18. Ra2 Bd7 19. b5 Qa5 20. Bd2 Qa4 21. h4 Nb3 22. Bc1 Nxc1 23. Qxc1 Qb3 24. Qb1 Bb2 25. Re1 Ra4 26. Bf1 Rb4 27. Be2 Ra8 28. Bd1 Qc3 29. Re2 b6 30. Ng2 d5 31. Rc2 Qd4 0-1